000 01192cam a2200337 i 4500
999 _c200454240
_d72452
003 TR-AnTOB
005 20240417150747.0
007 ta
008 161207t20122011tu ab 000 0 tur
020 _a9789755705286
040 _aBGZ
_beng
_erda
_cBGZ
_dTR-AnTOB
041 1 _atur
_heng
050 1 _aBL2776
090 _aBL2776
_b.D43319 2012
100 1 _aDe Botton, Alain
_9122189
_eauthor
240 1 0 _aReligion for atheists :a non-believer's guide to the uses of religion.
_lTurkish.
245 1 0 _aAteistler için din :
_bbir inanmayanın din kullanım kılavuzu /
_cAlain de Botton ; Türkçesi Ayşe Ece.
264 1 _aİstanbul :
_bSel yayıncılık,
_c2012.
264 4 _c©2011
300 _a302 pages :
_billustrations, maps ;
_c20 cm
336 _atext
_2rdacontent
_btxt
337 _aunmediated
_2rdamedia
_bn
338 _avolume
_2rdacarrier
_bnc
490 0 _aSel yayıncılık :
_v513
_aAlain De Botton :
_v12
500 _aOriginal title :Religion for atheists :a non-believer's guide to the uses of religion.
650 0 _aAtheists.
650 0 _aReligious life
_996181
700 1 _aEce, Ayşe
_etranslator
_9122197
942 _2lcc
_cBK